| 000 | 01284nam0a22003371 4500 | ||
|---|---|---|---|
| 001 | rc\3290856 | ||
| 005 | 20130115145331.3 | ||
| 021 |
_aRU _b[72-47517] |
||
| 035 | _a(NLR Aleph) 007496422 | ||
| 090 |
_a7651769 _c7651769 |
||
| 100 | _a20130115d1972 |||y0rusy50 ca | ||
| 101 | 1 |
_arus _ceng |
|
| 102 | _aRU | ||
| 105 | _aa z ||||| | ||
| 200 | 1 |
_aТеория инженерного эксперимента _fПер. с англ. Е.Г. Коваленко _gПод ред. чл.-кор. АН СССР Н.П. Бусленко |
|
| 210 |
_aМосква _cМир _d1972 |
||
| 215 |
_a381 с. _cчерт. _d21 |
||
| 300 | _aДоп тит. л.: Theories of engineering experimentation. Hilbert Schenck, jr. | ||
| 320 | _aПредм. указ.: с. 376-377 | ||
| 320 | _aСписки лит. в конце глав | ||
| 513 | 0 | _aTheories of engineering experimentation | |
| 606 |
_aЭксперимент _xПланирование _xМатематические методы _2psbo |
||
| 700 | 1 |
_aШенк _bХ. _cмл. _gХилберт |
|
| 702 | 1 |
_aКоваленко _bЕ. Г. _4730 |
|
| 702 | 1 |
_aБусленко _bН. П. _4340 |
|
| 801 | 0 |
_aRU _bNLR _gpsbo |
|
| 801 | 1 |
_aRU _bELAR _2rusmarc |
|
| 852 |
_aNLR _j72-3/5920 |
||
| 852 |
_aNLR _jМф К-1/9561 |
||
| 942 | _cBOOK | ||
| 980 | _aNB | ||